Subject and strategy : A rhetoric reader

Subject & Strategy helps students write by offering engaging, teachable readings supported by time-tested pedagogy. Its mix of beloved classics and timely current readings provides exceptional models of writing. Its proven advice on writing and reading, innovative classroom exercises, and engagi...

Full description

Saved in:
Bibliographic Details
Format: Book
Language:Undetermined
Published: New York St. Martin’s Press 1981
Subjects:
Tags: Add Tag
No Tags, Be the first to tag this record!
Institutions: Trung tâm Học liệu Trường Đại học Cần Thơ
LEADER 01217nam a2200205Ia 4500
001 CTU_186414
008 210402s9999 xx 000 0 und d
082 |a 808.0427 
082 |b S941 
245 0 |a Subject and strategy : 
245 2 |b A rhetoric reader 
245 0 |c Editors, Paul Eschholz, Alfred Rosa 
260 |a New York 
260 |b St. Martin’s Press 
260 |c 1981 
520 |a Subject & Strategy helps students write by offering engaging, teachable readings supported by time-tested pedagogy. Its mix of beloved classics and timely current readings provides exceptional models of writing. Its proven advice on writing and reading, innovative classroom exercises, and engaging writing assignments guide students to choose the rhetorical strategy that best suits their subject and then to use that strategy to achieve their writing purpose. Features include annotated student essays in each mode, extensive apparatus supporting every selection, and a “Writers on Writing” chapter that helps students see themselves as writers. 
650 |a English language,Tiếng Anh 
650 |x Rhetoric,Tu từ học 
910 |a Hải 
980 |a Trung tâm Học liệu Trường Đại học Cần Thơ